| 000 | 00495nam a22001697a 4500 | ||
|---|---|---|---|
| 003 | PILC | ||
| 005 | 20150318152745.0 | ||
| 008 | 150318b xxu||||| |||| 00| 0 eng d | ||
| 020 | _a0745010105 | ||
| 050 |
_aHB 171.5 _b.Sl634 1991 |
||
| 100 | _aSloman, John. | ||
| 245 |
_aEconomics workbook / _cJohn Sloman and Mark Sutcliffe. |
||
| 260 |
_aGreat Britain : _bUniversity Press, Cambridge, _cc1991. |
||
| 300 |
_a284 pages : _billustrations ; _c26 cm. |
||
| 650 | _aEconomics. | ||
| 942 |
_2lcc _cBK |
||
| 999 |
_c283786 _d283786 |
||